000 01299nam a22003857a 4500
001 0003720
003 KOHA_MİRAKIL
005 20260207001345.0
007 ta
008 090415b1992 tu |||gr||||#||||0|tur |
020 _a9754580413
040 _aTR-BiSEU
_btur
_cTR-BiSEU
_erda
041 0 _atur
044 _ctu
050 _aD860
_b.D78 1992
100 1 _aDrucker, Peter F..
245 1 _aYeni gerçekler :devlet ve politika alanında ekonomi bilimi ve iş dünyasında toplumda ve dünya görüşünde ; The new realities/
_cPeter F. Drucker ; Peter F. Drucker; editör Birtane Karanakçı.
264 1 _aAnkara :
_bTürkiye İş Bankası Kültür Yayınları
_c1992
300 _aVI, 270 sayfa
336 _ametin
_btxt
_2rdacontent
337 _aaracısız
_bn
_2rdamedia
338 _acilt
_bnc
_2rdacarrier
490 1 _aTürkiye İş Bankası kültür yayınları.
490 1 _aGenel yayın no.
490 1 _a315.
490 1 _aTarih dizisi ;
_v25.
650 0 _aBilgi toplumu.
_99043
650 0 _aEkonomik tarih--1971
_99044
650 0 _aSiyasal tarih--1985-1995.
_99045
830 1 _aTürkiye İş Bankası kültür yayınları.
_99046
830 1 _aGenel yayın no.
_99047
830 1 _a315.
_99048
830 1 _aTarih dizisi ;
_v25.
_97565
942 _2lcc
_cBK
999 _c3704
_d3704